[Event "FIDE Womens Grand Prix 2019-20"]
[Site "Skolkovo"]
[Date "2019.09.19"]
[Round "8.6"]
[White "Gunina, Valentina"]
[Black "Lagno, Kateryna"]
[Result "1-0"]
[WhiteElo "2502"]
[BlackElo "2545"]
[Annotator "ChessBase"]
[PlyCount "173"]
[EventDate "2019.09.11"]
[EventType "tourn"]
[EventCountry "RUS"]
[SourceTitle "playchess.com"]
[Source "ChessBase"]
[SourceQuality "1"]
[TimeControl "40/5400+30:1800+30"]

1. e4 {[%emt 0:00:00]} e5 {[%emt 0:00:00]} 2. Bc4 {[%emt 0:00:00]} Nc6 {[%emt 0:03:59]} 3. Nc3 {[%emt 0:01:12]} Nf6 {[%emt 0:00:59]} 4. d3 {[%emt 0:01:04]} Na5 {[%emt 0:00:40]} 5. Bg5 {[%emt 0:08:59]} Be7 {[%emt 0:01:27]} 6. Bxf6 {[%emt 0:06:30]} Bxf6 {[%emt 0:01:16]} 7. Nd5 {[%emt 0:00:07]} O-O {[%emt 0:16:02]} 8. h4 {[%emt 0:04:51]} c6 {[%emt 0:02:06]} 9. Nxf6+ {[%emt 0:07:41]} Qxf6 {[%emt 0:00:06]} 10. Qd2 {[%emt 0:00:08]} Nxc4 {[%emt 0:02:39]} 11. dxc4 {[%emt 0:00:06]} d6 {[%emt 0:14:03]} 12. O-O-O {[%emt 0:02:07]} Be6 {[%emt 0:02:08]} 13. Nf3 {[%emt 0:02:16]} Rad8 {[%emt 0:06:17]} 14. b3 {[%emt 0:16:52]} d5 {[%emt 0:06:33]} 15. cxd5 {[%emt 0:00:39]} cxd5 {[%emt 0:00:04]} 16. Qe3 {[%emt 0:00:04]} d4 {[%emt 0:10:27]} 17. Qg5 {[%emt 0:01:23]} Qxg5+ {[%emt 0:00:16]} 18. hxg5 {[%emt 0:01:31]} f6 {[%emt 0:05:39]} 19. Rh4 {[%emt 0:03:46]} Bf7 {[%emt 0:00:34]} 20. gxf6 {[%emt 0:01:07]} gxf6 {[%emt 0:00:04]} 21. Ne1 {[%emt 0:00:40]} Bg6 {[%emt 0:00:39]} 22. Nd3 {[%emt 0:00:08]} Rde8 {[%emt 0:05:05]} 23. f3 {[%emt 0:01:26]} f5 {[%emt 0:00:54]} 24. exf5 {[%emt 0:03:43]} Rxf5 {[%emt 0:00:14]} 25. Re1 {[%emt 0:02:12]} Rg5 {[%emt 0:00:28]} 26. Re2 {[%emt 0:00:44]} b6 {[%emt 0:04:22]} 27. Kd2 {[%emt 0:00:59]} h5 {[%emt 0:05:38]} 28. Ke1 {[%emt 0:04:45]} Kg7 {[%emt 0:00:48]} 29. Kf2 {[%emt 0:01:16]} Kf6 {[%emt 0:03:10]} 30. Kg1 {[%emt 0:10:15]} Rf5 {[%emt 0:05:09]} 31. Kh2 {[%emt 0:00:02]} Rc8 {[%emt 0:00:34]} 32. f4 {[%emt 0:06:22]} exf4 {[%emt 0:00:05]} 33. Nxf4 {[%emt 0:00:02]} Bf7 {[%emt 0:00:24]} 34. Nd3 {[%emt 0:00:06]} Rd8 {[%emt 0:00:30]} 35. Ree4 {[%emt 0:00:42]} Rc8 {[%emt 0:00:30]} 36. Ne1 {[%emt 0:01:53]} Bg6 {[%emt 0:01:53]} 37. Rxd4 {[%emt 0:00:59]} Rf1 {[%emt 0:00:25]} 38. Rdf4+ {[%emt 0:02:14]} Rxf4 {[%emt 0:00:06]} 39. Rxf4+ {[%emt 0:00:02]} Ke5 {[%emt 0:00:33]} 40. Ra4 {[%emt 0:00:00]} Bxc2 {[%emt 0:00:00]} 41. Nxc2 {[%emt 0:06:56]} Rxc2 {[%emt 0:02:15]} 42. Rxa7 {[%emt 0:00:02]} Kf5 {[%emt 0:03:03]} 43. Ra4 {[%emt 0:03:29]} Rb2 {[%emt 0:12:13]} 44. Kg3 {[%emt 0:03:44]} Kg5 {[%emt 0:00:15]} 45. Ra8 {[%emt 0:04:12]} Kf5 {[%emt 0:04:45]} 46. Rf8+ {[%emt 0:00:51]} Kg5 {[%emt 0:00:03]} 47. Rf2 {[%emt 0:05:23]} h4+ {[%emt 0:00:28]} 48. Kf3 {[%emt 0:00:01]} Rb1 {[%emt 0:00:04]} 49. Rd2 {[%emt 0:00:13]} Rf1+ {[%emt 0:00:59]} 50. Ke2 {[%emt 0:00:02]} Ra1 {[%emt 0:05:02]} 51. Kf2 {[%emt 0:06:58]} Rc1 {[%emt 0:02:19]} 52. Rd5+ {[%emt 0:01:51]} Kg4 {[%emt 0:00:34]} 53. Rd4+ {[%emt 0:00:06]} Kg5 {[%emt 0:00:11]} 54. a4 {[%emt 0:01:35]} Rc2+ {[%emt 0:00:33]} 55. Kg1 {[%emt 0:00:05]} Rc3 {[%emt 0:00:53]} 56. Rb4 {[%emt 0:00:23]} Rc6 {[%emt 0:00:01]} 57. Kh2 {[%emt 0:01:52]} Rd6 {[%emt 0:00:28]} 58. Kg1 {[%emt 0:01:27]} Rf6 {[%emt 0:01:21]} 59. Re4 {[%emt 0:00:38]} Rc6 {[%emt 0:03:22]} 60. Kf2 {[%emt 0:00:09]} Rc3 {[%emt 0:01:10]} 61. Re3 {[%emt 0:00:45]} Rc5 {[%emt 0:00:14]} 62. Ke2 {[%emt 0:00:57]} b5 {[%emt 0:00:28]} 63. axb5 {[%emt 0:03:20]} Rxb5 {[%emt 0:00:03]} 64. Kd2 {[%emt 0:00:08]} Kg4 {[%emt 0:00:45]} 65. Ke2 {[%emt 0:03:15]} Ra5 {[%emt 0:00:15]} 66. Kf2 {[%emt 0:00:50]} Rb5 {[%emt 0:02:04]} 67. Rd3 {[%emt 0:02:07]} Rb4 {[%emt 0:00:42]} 68. Rc3 {[%emt 0:00:19]} Rf4+ {[%emt 0:01:12]} 69. Kg1 {[%emt 0:00:01]} Rf8 {[%emt 0:00:24]} 70. b4 {[%emt 0:00:42]} Rb8 {[%emt 0:00:44]} 71. Rb3 {[%emt 0:00:01]} Rb5 {[%emt 0:00:05]} 72. Kf2 {[%emt 0:00:22]} Kf4 {[%emt 0:00:23]} 73. Ke1 {[%emt 0:00:54]} Re5+ {[%emt 0:00:37]} 74. Kf2 {[%emt 0:02:01]} Rb5 {[%emt 0:00:02]} 75. Rb1 {[%emt 0:00:44]} Kg4 {[%emt 0:00:22]} 76. Ke3 {[%emt 0:01:07]} Kg3 {[%emt 0:00:08]} 77. Rb2 {[%emt 0:00:01]} Re5+ {[%emt 0:00:41]} 78. Kd4 {[%emt 0:00:20]} Rf5 {[%emt 0:02:28]} 79. b5 {[%emt 0:00:39]} Rf2 {[%emt 0:00:12]} 80. Rxf2 {[%emt 0:01:04]} Kxf2 {[%emt 0:00:01]} 81. b6 {[%emt 0:00:04]} Kxg2 {[%emt 0:00:02]} 82. b7 {[%emt 0:00:04]} h3 {[%emt 0:00:02]} 83. b8=Q {[%emt 0:00:05]} h2 {[%emt 0:00:01]} 84. Qb7+ {[%emt 0:01:15]} Kg1 {[%emt 0:00:09]} 85. Qb1+ {[%emt 0:00:17]} Kg2 {[%emt 0:00:03]} 86. Qc2+ {[%emt 0:00:10]} Kg1 {[%emt 0:00:03]} 87. Ke3 {[%emt 0:00:11]} 1-0

[Event "FIDE Womens Grand Prix 2019-20"]
[Site "Skolkovo"]
[Date "2019.09.20"]
[Round "9.2"]
[White "Koneru, Humpy"]
[Black "Gunina, Valentina"]
[Result "1-0"]
[WhiteElo "2560"]
[BlackElo "2502"]
[Annotator "ChessBase"]
[PlyCount "85"]
[EventDate "2019.09.11"]
[EventType "tourn"]
[EventCountry "RUS"]
[SourceTitle "playchess.com"]
[Source "ChessBase"]
[SourceQuality "1"]
[TimeControl "40/5400+30:1800+30"]

1. d4 {[%emt 0:00:00]} Nf6 {[%emt 0:00:05]} 2. c4 {[%emt 0:00:00]} e6 {[%emt 0:00:10]} 3. Nf3 {[%emt 0:00:01]} c5 {[%emt 0:00:05]} 4. d5 {[%emt 0:00:44]} b5 {[%emt 0:00:06]} 5. dxe6 {[%emt 0:01:59]} fxe6 {[%emt 0:00:06]} 6. cxb5 {[%emt 0:00:13]} a6 {[%emt 0:00:03]} 7. bxa6 {[%emt 0:03:34]} Bxa6 {[%emt 0:00:04]} 8. Nc3 {[%emt 0:06:08]} Nc6 {[%emt 0:02:17]} 9. e4 {[%emt 0:07:18]} Bxf1 {[%emt 0:04:30]} 10. Kxf1 {[%emt 0:03:12]} Qb8 {[%emt 0:05:54]} 11. Rb1 {[%emt 0:10:33]} Bd6 {[%emt 0:05:50]} 12. Bg5 {[%emt 0:11:23]} O-O {[%emt 0:04:08]} 13. Bxf6 {[%emt 0:02:25]} Rxf6 {[%emt 0:01:13]} 14. h4 {[%emt 0:00:31]} Ne5 {[%emt 0:12:01]} 15. Rh3 {[%emt 0:00:49]} Qb6 {[%emt 0:14:26]} 16. Qb3 {[%emt 0:06:09]} Qd8 {[%emt 0:12:58]} 17. Nb5 {[%emt 0:18:17]} c4 {[%emt 0:07:02]} 18. Qc3 {[%emt 0:03:20]} Rxf3 {[%emt 0:10:07]} 19. gxf3 {[%emt 0:00:57]} Bb8 {[%emt 0:00:01]} 20. f4 {[%emt 0:11:40]} Ng6 {[%emt 0:02:02]} 21. Rd1 {[%emt 0:04:46]} Nxf4 {[%emt 0:02:00]} 22. Rg3 {[%emt 0:00:02]} Ng6 {[%emt 0:00:45]} 23. Rg5 {[%emt 0:01:02]} Bf4 {[%emt 0:02:51]} 24. Rg4 {[%emt 0:00:02]} Be5 {[%emt 0:01:09]} 25. Qxc4 {[%emt 0:00:21]} Nxh4 {[%emt 0:03:14]} 26. Nc3 {[%emt 0:03:42]} Nf3 {[%emt 0:03:15]} 27. Ke2 {[%emt 0:00:51]} Qb6 {[%emt 0:01:12]} 28. Na4 {[%emt 0:00:50]} Qa7 {[%emt 0:04:08]} 29. Nc5 {[%emt 0:00:01]} Rc8 {[%emt 0:00:42]} 30. b4 {[%emt 0:01:54]} h5 {[%emt 0:01:29]} 31. Rg6 {[%emt 0:01:41]} d5 {[%emt 0:00:44]} 32. exd5 {[%emt 0:00:25]} Qf7 {[%emt 0:00:21]} 33. Rxe6 {[%emt 0:00:33]} Rf8 {[%emt 0:00:05]} 34. Ne4 {[%emt 0:00:49]} Qf4 {[%emt 0:01:19]} 35. Nf6+ {[%emt 0:00:36]} Rxf6 {[%emt 0:00:29]} 36. Qxf4 {[%emt 0:00:14]} Rxf4 {[%emt 0:00:04]} 37. Ke3 {[%emt 0:00:42]} g5 {[%emt 0:00:57]} 38. d6 {[%emt 0:00:10]} Bd4+ {[%emt 0:00:30]} 39. Ke2 {[%emt 0:00:40]} Ne5 {[%emt 0:00:35]} 40. Rxd4 {[%emt 0:00:00]} Rxd4 {[%emt 0:00:00]} 41. Rxe5 {[%emt 0:00:30]} Rxd6 {[%emt 0:00:43]} 42. Rxg5+ {[%emt 0:05:50]} Kf7 {[%emt 0:00:01]} 43. Rxh5 {[%emt 0:00:10]} 1-0

[Event "FIDE Womens Grand Prix 2019-20"]
[Site "Skolkovo"]
[Date "2019.09.20"]
[Round "9.3"]
[White "Harika, Dronavalli"]
[Black "Paehtz, Elisabeth"]
[Result "1/2-1/2"]
[WhiteElo "2503"]
[BlackElo "2479"]
[Annotator "ChessBase"]
[PlyCount "50"]
[EventDate "2019.09.11"]
[EventType "tourn"]
[EventCountry "RUS"]
[SourceTitle "playchess.com"]
[Source "ChessBase"]
[SourceQuality "1"]
[TimeControl "40/5400+30:1800+30"]

1. e4 {[%emt 0:00:04]} c5 {[%emt 0:00:00]} 2. Nf3 {[%emt 0:00:08]} d6 {[%emt 0:00:00]} 3. d4 {[%emt 0:00:08]} cxd4 {[%emt 0:00:00]} 4. Qxd4 {[%emt 0:00:06]} Nc6 {[%emt 0:01:05]} 5. Qe3 {[%emt 0:00:42]} Nf6 {[%emt 0:00:32]} 6. Be2 {[%emt 0:00:51]} e6 {[%emt 0:02:29]} 7. O-O {[%emt 0:03:56]} Be7 {[%emt 0:00:58]} 8. c4 {[%emt 0:00:34]} O-O {[%emt 0:01:17]} 9. Rd1 {[%emt 0:03:25]} Qc7 {[%emt 0:02:38]} 10. Nc3 {[%emt 0:09:10]} b6 {[%emt 0:15:49]} 11. h3 {[%emt 0:01:47]} Bb7 {[%emt 0:01:15]} 12. b3 {[%emt 0:04:40]} Rad8 {[%emt 0:06:40]} 13. Bb2 {[%emt 0:11:20]} Rfe8 {[%emt 0:01:56]} 14. Rd2 {[%emt 0:02:28]} Qb8 {[%emt 0:02:49]} 15. Rad1 {[%emt 0:02:11]} Ba8 {[%emt 0:03:12]} 16. Bf1 {[%emt 0:11:06]} h6 {[%emt 0:02:03]} 17. Qf4 {[%emt 0:08:27]} Nh5 {[%emt 0:05:51]} 18. Qg4 {[%emt 0:01:54]} Nf6 {[%emt 0:00:02]} 19. Qf4 {[%emt 0:00:46]} Nh5 {[%emt 0:00:04]} 20. Qe3 {[%emt 0:03:42]} Nf6 {[%emt 0:00:08]} 21. Ba3 {[%emt 0:03:49]} a6 {[%emt 0:09:07]} 22. Bb2 {[%emt 0:02:47]} Nd7 {[%emt 0:04:09]} 23. Ba3 {[%emt 0:01:21]} Nf6 {[%emt 0:00:05]} 24. Bb2 {[%emt 0:01:18]} Nd7 {[%emt 0:00:05]} 25. Ba3 {[%emt 0:02:52]} Nf6 1/2-1/2

[Event "FIDE Womens Grand Prix 2019-20"]
[Site "Skolkovo"]
[Date "2019.09.20"]
[Round "9.4"]
[White "Sebag, Marie"]
[Black "Stefanova, Antoaneta"]
[Result "1/2-1/2"]
[WhiteElo "2450"]
[BlackElo "2491"]
[Annotator "TA"]
[PlyCount "110"]
[EventDate "2019.09.11"]
[EventType "tourn"]
[EventCountry "RUS"]
[SourceTitle "playchess.com"]
[Source "ChessBase"]
[SourceQuality "1"]

{[%evp 13,110,22,19,25,23,17,16,24,27,19,22,22,21,26,19,17,29,25,25,36,18,13,21,15,10,15,15,4,5,5,18,0,13,-14,-6,-14,0,-2,0,0,0,-4,0,-24,-25,-20,-37,-24,-5,-49,-52,-53,-24,-47,-43,-47,-52,-51,-63,-73,-8,-51,0,-8,0,-8,-8,-8,-8,-8,-8,-8,-8,-8,-8,-8,-8,-8,-8,-8,-8,-8,-8,-8,-8,-8,-8,-8,-8,-8,-8,-8,0,0,0,-8,-8,-8,-8]} 1. e4 e5 2. Nf3 Nc6 3. Bb5 a6 4. Ba4 Nf6 5. O-O Bc5 6. c3 O-O 7. d4 Ba7 8. dxe5 {C78: Ruy Lopez: Archangelsk and Möller Defences} Nxe4 9. Qd5 Nc5 10. Bc2 Ne7 11. Qd1 d5 12. exd6 Qxd6 13. Qxd6 cxd6 14. Rd1 {[#]} Re8 $146 ({Predecessor:} 14... Bf5 15. Na3 Ne4 {0-1 (25) Vachier Lagrave,M (2780)-Melkumyan,H (2660) chess.com INT 2018}) 15. Be3 ({Much weaker is} 15. Rxd6 Bf5 $15) 15... Nf5 16. Bxf5 Bxf5 17. Rxd6 Ne4 18. Rd5 {[#] Threatens to win with Bxa7.} Bxe3 19. fxe3 Bg6 20. Na3 Nf6 21. Re5 Ng4 22. Rxe8+ Rxe8 23. h3 Nxe3 24. Re1 {[#] Hoping for Nc4!} Kf8 25. c4 f6 26. Kf2 Nf5 27. Rd1 h5 28. c5 Bf7 29. Rd7 $1 Rb8 30. b3 Ke8 31. Rd2 (31. c6 {feels hotter.} bxc6 32. Ra7 Bd5 33. Rxa6 g5 34. Nb1) 31... Rc8 32. Rc2 Ke7 33. b4 g5 34. g4 hxg4 35. hxg4 Nh6 36. Kg3 Be6 (36... Kf8 $17) 37. Nc4 (37. Rh2 $5 {[%cal Rh2h6]} Nf7 38. Re2 $11) 37... Bxg4 ({Black should play} 37... Rd8 $1 $15) 38. Nd6 {The position is equal.} Rh8 {Strongly threatening ...Nf5+.} 39. Rh2 Bxf3 40. Kxf3 {And now Nf5+! would win.} Nf7 41. Rxh8 Nxh8 42. Nxb7 $11 {[%mdl 4096] Endgame KN-KN} Nf7 43. a4 f5 44. b5 axb5 45. axb5 Ne5+ 46. Kg2 Nc4 47. c6 Ne3+ 48. Kf3 Nd5 49. Na5 Nb6 50. c7 Kd6 51. Nc6 Nc8 52. Nd4 Ke5 53. Nc6+ Kd6 54. Nd4 f4 55. Kg4 Kxc7 {Accuracy: White = 70%, Black = 66%.} 1/2-1/2

[Event "FIDE Womens Grand Prix 2019-20"]
[Site "Skolkovo"]
[Date "2019.09.20"]
[Round "9.5"]
[White "Kashlinskaya, Alina"]
[Black "Cramling, Pia"]
[Result "1-0"]
[WhiteElo "2487"]
[BlackElo "2487"]
[Annotator "ChessBase"]
[PlyCount "87"]
[EventDate "2019.09.11"]
[EventType "tourn"]
[EventCountry "RUS"]
[SourceTitle "playchess.com"]
[Source "ChessBase"]
[SourceQuality "1"]
[TimeControl "40/5400+30:1800+30"]

1. d4 {[%emt 0:00:00]} Nf6 {[%emt 0:00:00]} 2. c4 {[%emt 0:00:00]} e6 {[%emt 0:00:00]} 3. Nc3 {[%emt 0:00:00]} Bb4 {[%emt 0:00:00]} 4. Qc2 {[%emt 0:00:00]} c5 {[%emt 0:00:28]} 5. dxc5 {[%emt 0:00:12]} Bxc5 {[%emt 0:00:18]} 6. Nf3 {[%emt 0:00:40]} Qc7 {[%emt 0:00:20]} 7. Bg5 {[%emt 0:08:44]} a6 {[%emt 0:00:47]} 8. e3 {[%emt 0:16:04]} Be7 {[%emt 0:02:01]} 9. Be2 {[%emt 0:01:05]} d6 {[%emt 0:01:41]} 10. O-O {[%emt 0:01:26]} h6 {[%emt 0:04:42]} 11. Bh4 {[%emt 0:04:58]} Nbd7 {[%emt 0:06:25]} 12. Rad1 {[%emt 0:05:36]} b6 {[%emt 0:06:59]} 13. Rd2 {[%emt 0:01:59]} Bb7 {[%emt 0:03:04]} 14. Rfd1 {[%emt 0:00:12]} Rd8 {[%emt 0:06:24]} 15. b4 {[%emt 0:07:24]} O-O {[%emt 0:06:41]} 16. Qb3 {[%emt 0:00:27]} Rc8 {[%emt 0:06:10]} 17. Rd4 {[%emt 0:08:42]} Rfe8 {[%emt 0:08:57]} 18. a4 {[%emt 0:05:04]} Bf8 {[%emt 0:17:57]} 19. Bg3 {[%emt 0:02:05]} e5 {[%emt 0:00:55]} 20. R4d2 {[%emt 0:00:09]} Ne4 {[%emt 0:06:57]} 21. Nxe4 {[%emt 0:03:58]} Bxe4 {[%emt 0:00:04]} 22. Ne1 {[%emt 0:00:41]} a5 {[%emt 0:01:50]} 23. Bg4 {[%emt 0:02:39]} Rcd8 {[%emt 0:01:13]} 24. b5 {[%emt 0:05:54]} Nf6 {[%emt 0:01:41]} 25. Bf3 {[%emt 0:01:43]} Rc8 {[%emt 0:03:12]} 26. Bxe4 {[%emt 0:01:40]} Nxe4 {[%emt 0:00:02]} 27. Rc2 {[%emt 0:00:05]} Nc5 {[%emt 0:02:28]} 28. Qa2 {[%emt 0:00:02]} e4 {[%emt 0:00:36]} 29. Rd5 {[%emt 0:02:52]} Re6 {[%emt 0:00:56]} 30. h4 {[%emt 0:00:37]} Nd7 {[%emt 0:02:07]} 31. Rc1 {[%emt 0:03:48]} Nf6 {[%emt 0:01:10]} 32. Rd4 {[%emt 0:00:10]} Qc5 {[%emt 0:01:17]} 33. Nc2 {[%emt 0:02:04]} Ree8 {[%emt 0:02:17]} 34. Qb2 {[%emt 0:06:03]} d5 {[%emt 0:02:00]} 35. cxd5 {[%emt 0:01:30]} Nxd5 {[%emt 0:00:15]} 36. Rcd1 {[%emt 0:00:14]} Nc3 {[%emt 0:00:57]} 37. R1d2 {[%emt 0:00:03]} Be7 {[%emt 0:00:32]} 38. Qb3 {[%emt 0:03:46]} Qh5 {[%emt 0:02:53]} 39. Rd7 {[%emt 0:00:29]} Bf6 {[%emt 0:02:04]} 40. Bc7 {[%emt 0:00:00]} Bxh4 {[%emt 0:00:00]} 41. Qxc3 {[%emt 0:02:06]} Bf6 {[%emt 0:03:19]} 42. Qc6 {[%emt 0:08:17]} Be5 {[%emt 0:00:46]} 43. g3 {[%emt 0:01:59]} Qg4 {[%emt 0:04:05]} 44. Qd5 {[%emt 0:03:17]} 1-0

[Event "FIDE Womens Grand Prix 2019-20"]
[Site "Skolkovo"]
[Date "2019.09.20"]
[Round "9.6"]
[White "Kosteniuk, Alexandra"]
[Black "Goryachkina, Aleksandra"]
[Result "0-1"]
[WhiteElo "2495"]
[BlackElo "2564"]
[Annotator "ChessBase"]
[PlyCount "90"]
[EventDate "2019.09.11"]
[EventType "tourn"]
[EventCountry "RUS"]
[SourceTitle "playchess.com"]
[Source "ChessBase"]
[SourceQuality "1"]
[TimeControl "40/5400+30:1800+30"]

1. e4 {[%emt 0:00:00]} e6 {[%emt 0:00:00]} 2. d4 {[%emt 0:00:00]} d5 {[%emt 0:00:00]} 3. Nc3 {[%emt 0:00:00]} Bb4 {[%emt 0:00:10]} 4. e5 {[%emt 0:00:00]} c5 {[%emt 0:00:17]} 5. a3 {[%emt 0:00:06]} Bxc3+ {[%emt 0:00:11]} 6. bxc3 {[%emt 0:00:07]} Ne7 {[%emt 0:01:06]} 7. Qg4 {[%emt 0:01:33]} cxd4 {[%emt 0:01:12]} 8. Bd3 {[%emt 0:00:17]} Qa5 {[%emt 0:02:25]} 9. Rb1 {[%emt 0:00:12]} Ng6 {[%emt 0:01:52]} 10. Nf3 {[%emt 0:02:11]} b6 {[%emt 0:02:49]} 11. O-O {[%emt 0:18:51]} Qxc3 {[%emt 0:11:56]} 12. h4 {[%emt 0:03:22]} h5 {[%emt 0:15:48]} 13. Qg3 {[%emt 0:04:01]} Qc7 {[%emt 0:05:47]} 14. Bxg6 {[%emt 0:18:12]} fxg6 {[%emt 0:00:06]} 15. Nxd4 {[%emt 0:00:17]} O-O {[%emt 0:04:09]} 16. Nb5 {[%emt 0:12:44]} Qxc2 {[%emt 0:03:20]} 17. Bg5 {[%emt 0:03:29]} Na6 {[%emt 0:05:48]} 18. Rfc1 {[%emt 0:05:24]} Qa4 {[%emt 0:02:27]} 19. Nd6 {[%emt 0:05:45]} Bd7 {[%emt 0:08:49]} 20. Be7 {[%emt 0:02:49]} Rf4 {[%emt 0:01:30]} 21. Qxg6 {[%emt 0:00:46]} Qd4 {[%emt 0:03:06]} 22. Qg3 {[%emt 0:04:06]} Rg4 {[%emt 0:03:06]} 23. Qf3 {[%emt 0:00:07]} Qf4 {[%emt 0:03:39]} 24. Qe2 {[%emt 0:00:25]} Nc5 {[%emt 0:00:57]} 25. Rc3 {[%emt 0:05:14]} d4 {[%emt 0:02:36]} 26. Rxc5 {[%emt 0:08:15]} bxc5 {[%emt 0:00:24]} 27. Bg5 {[%emt 0:00:07]} Rxg5 {[%emt 0:03:43]} 28. hxg5 {[%emt 0:00:02]} Qxg5 {[%emt 0:01:09]} 29. Qe4 {[%emt 0:00:16]} Rf8 {[%emt 0:01:53]} 30. Rb7 {[%emt 0:00:07]} Ba4 {[%emt 0:01:19]} 31. Rc7 {[%emt 0:04:12]} Qc1+ {[%emt 0:02:00]} 32. Kh2 {[%emt 0:00:04]} Qf4+ {[%emt 0:01:11]} 33. g3 {[%emt 0:02:17]} Qxf2+ {[%emt 0:00:32]} 34. Kh3 {[%emt 0:00:03]} Bc2 {[%emt 0:01:44]} 35. Qg2 {[%emt 0:00:57]} Bf5+ {[%emt 0:01:39]} 36. Kh2 {[%emt 0:00:10]} Bg4 {[%emt 0:02:51]} 37. Qxf2 {[%emt 0:00:54]} Rxf2+ {[%emt 0:00:01]} 38. Kg1 {[%emt 0:00:05]} Rc2 {[%emt 0:02:10]} 39. Ne4 {[%emt 0:00:18]} d3 {[%emt 0:01:11]} 40. Rd7 {[%emt 0:00:00]} c4 {[%emt 0:00:00]} 41. a4 {[%emt 0:01:24]} Bf5 {[%emt 0:02:58]} 42. Ng5 {[%emt 0:00:17]} Kf8 {[%emt 0:00:27]} 43. Rb7 {[%emt 0:00:07]} d2 {[%emt 0:01:29]} 44. Rb8+ {[%emt 0:00:04]} Ke7 {[%emt 0:00:03]} 45. Rb7+ {[%emt 0:00:04]} Ke8 0-1

[Event "FIDE Womens Grand Prix 2019-20"]
[Site "Skolkovo"]
[Date "2019.09.21"]
[Round "10.1"]
[White "Ju, Wenjun"]
[Black "Goryachkina, Aleksandra"]
[Result "1/2-1/2"]
[WhiteElo "2576"]
[BlackElo "2564"]
[Annotator "ChessBase"]
[PlyCount "120"]
[EventDate "2019.09.11"]
[EventType "tourn"]
[EventCountry "RUS"]
[SourceTitle "playchess.com"]
[Source "ChessBase"]
[SourceQuality "1"]
[TimeControl "40/5400+30:1800+30"]

1. c4 e5 {[%emt 0:00:32]} 2. g3 {[%emt 0:00:00]} c6 {[%emt 0:01:57]} 3. Nf3 {[%emt 0:00:17]} e4 {[%emt 0:03:16]} 4. Nd4 {[%emt 0:00:05]} d5 {[%emt 0:00:42]} 5. cxd5 {[%emt 0:00:58]} Qxd5 {[%emt 0:00:45]} 6. Nc2 {[%emt 0:00:13]} Nf6 {[%emt 0:01:22]} 7. Nc3 {[%emt 0:10:04]} Qe5 {[%emt 0:00:17]} 8. Bg2 {[%emt 0:01:09]} Na6 {[%emt 0:01:03]} 9. O-O {[%emt 0:00:43]} Be7 {[%emt 0:01:38]} 10. d3 {[%emt 0:03:29]} exd3 {[%emt 0:00:31]} 11. Qxd3 {[%emt 0:00:04]} O-O {[%emt 0:04:50]} 12. e4 {[%emt 0:04:23]} Qh5 {[%emt 0:04:44]} 13. Qd1 {[%emt 0:07:29]} Bg4 {[%emt 0:07:00]} 14. f3 {[%emt 0:00:06]} Rad8 {[%emt 0:01:56]} 15. Qe2 {[%emt 0:00:36]} Bh3 {[%emt 0:05:13]} 16. Be3 {[%emt 0:32:26]} Bc5 {[%emt 0:03:46]} 17. Rad1 {[%emt 0:00:27]} Bxg2 {[%emt 0:08:50]} 18. Kxg2 {[%emt 0:00:06]} Nc7 {[%emt 0:05:25]} 19. Nd4 {[%emt 0:08:19]} Bxd4 {[%emt 0:10:51]} 20. Bxd4 {[%emt 0:01:35]} c5 {[%emt 0:02:08]} 21. g4 {[%emt 0:07:18]} Qg5 {[%emt 0:03:15]} 22. f4 {[%emt 0:01:31]} Qxg4+ {[%emt 0:09:28]} 23. Qxg4 {[%emt 0:00:04]} Nxg4 {[%emt 0:00:06]} 24. Bxc5 {[%emt 0:00:02]} Rxd1 {[%emt 0:05:35]} 25. Rxd1 {[%emt 0:00:04]} Ne6 {[%emt 0:01:18]} 26. Bxa7 {[%emt 0:00:45]} f5 {[%emt 0:00:28]} 27. Kg3 {[%emt 0:02:06]} h5 {[%emt 0:01:07]} 28. exf5 {[%emt 0:05:55]} Rxf5 {[%emt 0:00:15]} 29. Nd5 {[%emt 0:00:16]} Kf7 {[%emt 0:01:48]} 30. h3 {[%emt 0:01:59]} Nf6 {[%emt 0:00:29]} 31. Nxf6 {[%emt 0:00:06]} Kxf6 {[%emt 0:00:02]} 32. Be3 {[%emt 0:03:23]} Rb5 {[%emt 0:05:09]} 33. b3 {[%emt 0:00:05]} Ke7 {[%emt 0:00:44]} 34. Kf3 {[%emt 0:01:24]} g5 {[%emt 0:01:41]} 35. fxg5 {[%emt 0:03:11]} Nxg5+ {[%emt 0:00:04]} 36. Bxg5+ {[%emt 0:00:25]} Rxg5 {[%emt 0:00:02]} 37. Rd4 {[%emt 0:00:47]} Ke6 {[%emt 0:04:23]} 38. h4 {[%emt 0:02:49]} Ra5 {[%emt 0:00:59]} 39. a4 {[%emt 0:02:11]} b5 {[%emt 0:02:34]} 40. axb5 {[%emt 0:00:00]} Rxb5 {[%emt 0:00:00]} 41. b4 {[%emt 0:00:05]} Rf5+ {[%emt 0:06:40]} 42. Ke2 {[%emt 0:01:19]} Ke5 {[%emt 0:03:54]} 43. Rc4 {[%emt 0:00:26]} Kd6 {[%emt 0:00:50]} 44. Ke3 {[%emt 0:03:21]} Rf1 {[%emt 0:02:13]} 45. Ke4 {[%emt 0:00:44]} Rf2 {[%emt 0:05:59]} 46. Rd4+ {[%emt 0:07:49]} Kc6 {[%emt 0:01:35]} 47. Ke5 {[%emt 0:00:10]} Kb5 {[%emt 0:04:05]} 48. Rf4 {[%emt 0:00:11]} Rg2 {[%emt 0:02:40]} 49. Kf6 {[%emt 0:01:00]} Rg1 {[%emt 0:07:33]} 50. Rf5+ {[%emt 0:01:21]} Kxb4 {[%emt 0:00:02]} 51. Rxh5 {[%emt 0:00:04]} Rh1 {[%emt 0:01:32]} 52. Rh8 {[%emt 0:01:49]} Rf1+ {[%emt 0:00:50]} 53. Ke5 {[%emt 0:05:39]} Re1+ {[%emt 0:00:11]} 54. Kf4 {[%emt 0:05:37]} Rf1+ {[%emt 0:00:22]} 55. Kg3 {[%emt 0:03:41]} Kc5 {[%emt 0:00:26]} 56. h5 {[%emt 0:04:24]} Rh1 {[%emt 0:00:20]} 57. Kg4 {[%emt 0:00:35]} Kd6 {[%emt 0:00:40]} 58. h6 {[%emt 0:02:18]} Ke7 {[%emt 0:00:22]} 59. h7 {[%emt 0:00:28]} Kf7 {[%emt 0:00:05]} 60. Ra8 {[%emt 0:00:15]} Rxh7 {[%emt 0:00:07]} 1/2-1/2